| 000 | 00735cam a2200253 a 4500 | ||
|---|---|---|---|
| 008 | |||
| 020 | _a9780080448602 (pbk.) | ||
| 049 | _aMAIN | ||
| 090 |
_aQD262 _bGAW |
||
| 100 | 1 | _aGawley, Robert E. | |
| 245 | 1 | 0 |
_aPrinciples of asymmetric synthesis / _cRobert E. Gawley and Jeffrey Aube. |
| 250 | _a2nd ed. | ||
| 260 |
_aAmsterdam : _bElsevier, _c2012. |
||
| 300 |
_axii, 555 p. : _bill. ; _c24 cm. |
||
| 500 | _aIncludes index. | ||
| 504 | _aIncludes bibliographical references. | ||
| 650 | 0 | _aAsymmetric synthesis. | |
| 700 | 1 | _aAube, Jeffrey. | |
| 907 |
_a.b10351607 _b02-12-14 _c27-11-14 |
||
| 003 | |||
| 005 | 20230123122124.0 | ||
| 040 | _cNUST | ||
| 942 |
_cBOOKS _kQD262 _mGAW |
||
| 999 |
_c128161 _d128161 |
||